OUT WEST - Travis Scott feat. Young Thug (Full lyrics) - Statistics

General Stats
  • This quiz has been taken 25 times
  • The average score is 295 of 450
Answer Stats
Answer % Correct
out
100%
a
95%
I
95%
it
95%
it,
95%
we
95%
west
95%
bitch
90%
bitch,
90%
me
90%
me,
90%
ya
90%
you
90%
her
85%
her,
85%
in
85%
my
85%
on
85%
put
85%
the
85%
baby,
80%
baby
80%
it's
80%
It's
80%
pussy,
80%
pussy
80%
shawty
80%
shawty,
80%
suck
80%
,,This
80%
this
80%
Your
80%
your
80%
can
75%
cum
75%
girl,
75%
just
70%
now
70%
that
70%
to
70%
vibe
70%
wet
70%
and
65%
darlin',
65%
she
65%
She
65%
shit
65%
then
65%
up
65%
up,
65%
when
65%
back
60%
bus
60%
driveway
60%
Gold
60%
if
60%
jump
60%
love
60%
metallic
60%
of
60%
of?
60%
private
60%
public
60%
slang
60%
us",
60%
us
60%
us"
60%
used
60%
Vibes
60%
all
55%
Close
55%
eyes,
55%
got
55%
knife,
55%
like
55%
nobody
55%
side
55%
take
55%
tell
55%
trip
55%
bag
50%
be
50%
I'm
50%
jet
50%
Kel-Tec
50%
mouth
50%
off
50%
sideways,
50%
These
50%
tip
50%
wanna
50%
want
50%
was
50%
way
50%
as
45%
but
45%
Five
45%
gang,
45%
lips
45%
molly
45%
or
45%
spit
45%
stuck
45%
they
45%
Ayy,
40%
ayy,
40%
Believe
40%
cheatin',
40%
cover,
40%
days,
40%
drankin'
40%
eat
40%
get
40%
know
40%
new
40%
over
40%
say
40%
thousand
40%
under
40%
with
40%
bad
35%
balance
35%
cross
35%
cuddle
35%
does
35%
hate
35%
lil'
35%
Lil'
35%
pour
35%
rollercoaster
35%
ship
35%
Thought
35%
what
35%
'bout
30%
city
30%
collect
30%
coupe,
30%
cup
30%
drum
30%
pain
30%
pop
30%
thinkin'
30%
whip
30%
whip,
30%
can't
25%
edge
25%
effect
25%
four
25%
Hop
25%
hop
25%
lived
25%
ooh
25%
Red
25%
sound
25%
surprised
25%
that's
25%
bricks
20%
Easy,
20%
Ex-college
20%
is
20%
right
20%
shank
20%
behind
15%
dawgs
15%
Dreamy,
15%
hotbox
15%
killed,
15%
nine
15%
still
15%
fire
10%
hydrant
10%
Jacques
10%
kick
10%
slick
10%
times,
10%
tried
10%
No matching quizzes found
Score Distribution
Percent of People with Each Score
Percentile by Number Answered
Your Score History
You have not taken this quiz